| 000 -LEADER |
| fixed length control field |
00760nam a22001937a 4500 |
| 005 - DATE AND TIME OF LATEST TRANSACTION |
| control field |
20210629121919.0 |
| 008 - FIXED-LENGTH DATA ELEMENTS--GENERAL INFORMATION |
| fixed length control field |
191107s2019 en ||||| |||| 00| 0 eng d |
| 020 ## - INTERNATIONAL STANDARD BOOK NUMBER |
| Qualifying information |
0020707 |
| 041 ## - LANGUAGE CODE |
| Language code of text/sound track or separate title |
eng |
| 245 ## - TITLE STATEMENT |
| Title |
International Journal of American Linguistics / |
| Remainder of title |
|
| Statement of responsibility, etc. |
Editors : David Beck ; Fernando Zufiga. |
| 260 ## - PUBLICATION, DISTRIBUTION, ETC. |
| Place of publication, distribution, etc. |
Chicago : |
| Name of publisher, distributor, etc. |
University of Chicago Pres, |
| Date of publication, distribution, etc. |
2019. |
| 300 ## - PHYSICAL DESCRIPTION |
| Extent |
V. |
| 653 ## - INDEX TERM--UNCONTROLLED |
| Uncontrolled term |
ამერიკული ენათმეცნიერების საერთაშორისო ჟურნალი |
| 653 ## - INDEX TERM--UNCONTROLLED |
| Uncontrolled term |
პერიოდიკა |
| 653 ## - INDEX TERM--UNCONTROLLED |
| Uncontrolled term |
Лингвистика |
| 700 ## - ADDED ENTRY--PERSONAL NAME |
| Personal name |
Beck, David |
| Relator term |
რედაქტორი |
| 9 (RLIN) |
5279 |
| 700 ## - ADDED ENTRY--PERSONAL NAME |
| Personal name |
Zufiga, Fernando |
| Relator term |
რედაქტორი |
| 9 (RLIN) |
5280 |
| 942 ## - ADDED ENTRY ELEMENTS (KOHA) |
| Source of classification or shelving scheme |
|
| Koha item type |
პერიოდიკა |